[Event "Split op 9th"]
[Site "Split"]
[Date "2019.08.05"]
[Round "3"]
[White "Caloone, Thomas"]
[Black "Bratovic, Blaz"]
[Result "0-1"]
[WhiteElo "2111"]
[BlackElo "2362"]
[PlyCount "110"]
[EventDate "2019.08.03"]
[EventType "swiss"]
[EventRounds "9"]
[EventCountry "CRO"]
[SourceTitle "CBM 191 Extra"]
[Source "ChessBase"]
[SourceDate "2019.09.30"]
[SourceVersion "1"]
[SourceVersionDate "2019.09.30"]
[SourceQuality "1"]

1. e4 c5 2. Nf3 Nc6 3. Bb5 g6 4. 0-0 Bg7 5. d3 e5 6. Nc3 Nge7 7. a3 0-0 8. Bc4 d6 9. Bg5 h6 10. Bh4 Be6 11. Nd5 g5 12. Bg3 Qd7 13. h4 f6 14. Nd2 Bf7 15. c3 Nxd5 16. Bxd5 Bxd5 17. exd5 Ne7 18. hxg5 hxg5 19. c4 f5 20. Qh5 Rf6 21. Qxg5 Rg6 22. Qh5 f4 23. Ne4 Rh6 24. Qxh6 Bxh6 25. Nf6+ Kg7 26. Nxd7 fxg3 27. Rae1 Rd8 28. Nxe5 dxe5 29. Rxe5 Ng6 30. Re4 Bf4 31. fxg3 Be5 32. Rf5 Bxb2 33. Re6 Rd7 34. a4 Rf7 35. Rxf7+ Kxf7 36. Kf2 Bd4+ 37. Kf3 Bf6 38. Ke4 Nf8 39. Kf5 Nxe6 40. dxe6+ Ke7 41. g4 Bc3 42. g5 Bd2 43. Ke5 Bxg5 44. Kd5 Be3 45. a5 a6 46. g4 Bd2 47. Kxc5 Bxa5 48. Kd5 Bd2 49. d4 a5 50. c5 a4 51. Kc4 a3 52. Kb3 Bb4 53. g5 Kxe6 54. d5+ Kxd5 55. g6 Ke6 0-1

[Event "Avoine op 34th"]
[Site "Avoine"]
[Date "2019.07.22"]
[Round "3"]
[White "Caloone, Thomas"]
[Black "Larand, Manuel"]
[Result "1-0"]
[WhiteElo "2111"]
[BlackElo "1921"]
[PlyCount "63"]
[EventDate "2019.07.20"]
[EventType "swiss"]
[EventRounds "9"]
[EventCountry "FRA"]
[SourceTitle "EXT 2020"]
[Source "ChessBase"]
[SourceDate "2019.10.17"]
[SourceVersion "1"]
[SourceVersionDate "2019.10.17"]
[SourceQuality "1"]

1. e4 d6 2. d4 Nf6 3. Nc3 g6 4. Be3 c6 5. f3 Qb6 6. a3 Nbd7 7. Bc4 Qc7 8. Qd2 a6 9. Nge2 b5 10. Bb3 h5 11. 0-0 Bb7 12. Na2 Bg7 13. Kh1 c5 14. dxc5 Nxc5 15. Nb4 0-0 16. Ba2 Rfd8 17. Nf4 e6 18. Nbd3 Rac8 19. Rac1 Qe7 20. Qe2 Na4 21. c4 bxc4 22. Bxc4 d5 23. Bb3 dxe4 24. fxe4 Rxc1 25. Rxc1 g5 26. Nh3 Bxe4 27. Ne5 Nxb2 28. Qxb2 Ng4 29. Bxg5 Bf6 30. Nxg4 Bxg5 31. Nxg5 Qxg5 32. Nf6+ 1-0

[Event "Avoine op 32nd"]
[Site "Avoine"]
[Date "2017.07.28"]
[Round "7"]
[White "Hernandez Moya, Yuleisis"]
[Black "Caloone, Thomas"]
[Result "1/2-1/2"]
[WhiteElo "2256"]
[BlackElo "2162"]
[PlyCount "38"]
[EventDate "2017.07.22"]
[EventType "swiss"]
[EventRounds "9"]
[EventCountry "FRA"]
[SourceTitle "CBM 179 Extra"]
[Source "ChessBase"]
[SourceDate "2017.08.23"]
[SourceVersion "1"]
[SourceVersionDate "2017.08.23"]
[SourceQuality "1"]

1. e4 e5 2. Nf3 Nc6 3. Bb5 Bc5 4. 0-0 Nd4 5. Nxd4 Bxd4 6. c3 Bb6 7. d4 c6 8. Ba4 d6 9. dxe5 dxe5 10. Qe2 Nf6 11. h3 0-0 12. Bg5 Qe7 13. Qf3 Be6 14. Bb3 Rad8 15. Na3 h6 16. Bxf6 Qxf6 17. Qxf6 gxf6 18. Rad1 Rxd1 19. Rxd1 Rd8 1/2-1/2

[Event "Avoine op 32nd"]
[Site "Avoine"]
[Date "2017.07.27"]
[Round "6"]
[White "Caloone, Thomas"]
[Black "Marcantoni, Herve"]
[Result "1/2-1/2"]
[WhiteElo "2162"]
[BlackElo "2231"]
[PlyCount "41"]
[EventDate "2017.07.22"]
[EventType "swiss"]
[EventRounds "9"]
[EventCountry "FRA"]
[SourceTitle "CBM 179 Extra"]
[Source "ChessBase"]
[SourceDate "2017.08.23"]
[SourceVersion "1"]
[SourceVersionDate "2017.08.23"]
[SourceQuality "1"]

1. e4 c5 2. Nf3 d6 3. Bc4 Nc6 4. c3 Nf6 5. d3 g6 6. 0-0 Bg7 7. Re1 0-0 8. Bb3 e5 9. Nbd2 h6 10. Nf1 d5 11. Ng3 Be6 12. h3 Qd7 13. Qe2 d4 14. Ba4 Ne8 15. cxd4 Nxd4 16. Nxd4 Qxd4 17. Qc2 Qd6 18. Be3 b6 19. Ne2 h5 20. f4 Bh6 21. Qd2 1/2-1/2

[Event "Avoine op 32nd"]
[Site "Avoine"]
[Date "2017.07.22"]
[Round "5"]
[White "Caloone, Thomas"]
[Black "Haub, Thorsten Michael"]
[Result "1-0"]
[WhiteElo "2162"]
[BlackElo "2414"]
[PlyCount "101"]
[EventDate "2017.07.22"]
[EventType "swiss"]
[EventRounds "9"]
[EventCountry "FRA"]
[SourceTitle "CBM 179 Extra"]
[Source "ChessBase"]
[SourceDate "2017.08.23"]
[SourceVersion "1"]
[SourceVersionDate "2017.08.23"]
[SourceQuality "1"]

1. e4 g6 2. d4 Bg7 3. Nc3 d6 4. Be3 c6 5. Qd2 Nd7 6. f3 b5 7. a3 Bb7 8. Nh3 a6 9. Be2 Ngf6 10. Bh6 Bxh6 11. Qxh6 Qb6 12. 0-0-0 0-0-0 13. Ng5 Rdf8 14. f4 c5 15. e5 cxd4 16. exf6 exf6 17. Nge4 f5 18. Qg7 f6 19. Qe7 fxe4 20. Nxe4 Kc7 21. Bf3 Re8 22. Qxd6+ Qxd6 23. Nxd6 Kxd6 24. Bxb7 Kc5 25. c3 Kb6 26. Bf3 Nc5 27. cxd4 Ne4 28. Rhe1 f5 29. Bxe4 fxe4 30. Kd2 Kc6 31. Ke3 Kd5 32. Rc1 Rc8 33. Rc5+ Rxc5 34. dxc5 Kxc5 35. Rc1+ Kd5 36. b4 Re8 37. Rc5+ Kd6 38. g4 Re7 39. h4 h6 40. h5 Re6 41. hxg6 Rxg6 42. Rh5 Rxg4 43. Rxh6+ Kd5 44. Rh5+ Kc4 45. Kxe4 Rg3 46. f5 Rxa3 47. f6 Ra1 48. f7 Re1+ 49. Kf5 Rf1+ 50. Ke6 Rxf7 51. Rh4+ 1-0

[Event "FRA-ch U20"]
[Site "Belfort"]
[Date "2017.04.23"]
[Round "9"]
[White "Caloone, Thomas"]
[Black "Tahay, Alexis"]
[Result "0-1"]
[WhiteElo "2149"]
[BlackElo "2239"]
[PlyCount "134"]
[EventDate "2017.04.16"]
[EventType "swiss"]
[EventRounds "9"]
[EventCountry "FRA"]
[SourceTitle "CBM 177 Extra"]
[Source "ChessBase"]
[SourceDate "2017.04.27"]
[SourceVersion "1"]
[SourceVersionDate "2017.04.27"]
[SourceQuality "1"]

1. e4 c5 2. Nf3 d6 3. d4 cxd4 4. Nxd4 Nf6 5. Nc3 Nc6 6. Be2 e5 7. Nb3 Be7 8. 0-0 0-0 9. Be3 a5 10. f3 a4 11. Nd2 a3 12. Nc4 axb2 13. Rb1 Nd4 14. Rxb2 Nxe2+ 15. Qxe2 Be6 16. Nb6 Ra3 17. Ncd5 Bxd5 18. exd5 Qc7 19. c4 Nd7 20. Nxd7 Qxd7 21. Rfb1 Rb8 22. Rb3 Rxb3 23. Rxb3 h5 24. Qb2 Qa4 25. Rxb7 Qd1+ 26. Kf2 Rxb7 27. Qxb7 Qc2+ 28. Ke1 Bf8 29. Bd2 Qxa2 30. Qc8 Qc2 31. Ke2 Qg6 32. Kf2 Qf6 33. Ke2 Qh4 34. Bb4 Qe7 35. Kf2 g6 36. g3 Kg7 37. Qb8 Qf6 38. Ke2 g5 39. Ba3 g4 40. f4 Qg6 41. f5 Qf6 42. Qc7 h4 43. gxh4 Qxh4 44. Bxd6 Qxh2+ 45. Ke1 Qg3+ 46. Kf1 Qf4+ 47. Kg1 Qe3+ 48. Kg2 Bxd6 49. Qxd6 Qf3+ 50. Kg1 Qg3+ 51. Kf1 Qf4+ 52. Kg2 Qe4+ 53. Kg3 Qxf5 54. Qe7 Kg6 55. Qa3 Qf4+ 56. Kg2 Qxc4 57. Qd6+ f6 58. Qe6 Qe2+ 59. Kg1 Kg5 60. Qf7 f5 61. d6 Qd1+ 62. Kg2 Qd2+ 63. Kg1 Qxd6 64. Qg8+ Kf4 65. Kg2 Qd2+ 66. Kf1 Qd3+ 67. Kg1 Kg3 0-1

[Event "FRA-ch U20"]
[Site "Belfort"]
[Date "2017.04.21"]
[Round "7"]
[White "Dudognon, Thibault"]
[Black "Caloone, Thomas"]
[Result "1/2-1/2"]
[WhiteElo "2218"]
[BlackElo "2149"]
[PlyCount "132"]
[EventDate "2017.04.16"]
[EventType "swiss"]
[EventRounds "9"]
[EventCountry "FRA"]
[SourceTitle "CBM 177 Extra"]
[Source "ChessBase"]
[SourceDate "2017.04.27"]
[SourceVersion "1"]
[SourceVersionDate "2017.04.27"]
[SourceQuality "1"]

1. c4 d6 2. g3 g6 3. Bg2 Bg7 4. Nc3 Nf6 5. e4 e5 6. Nge2 0-0 7. 0-0 c6 8. d3 Be6 9. h3 Qc8 10. Kh2 Rd8 11. f4 exf4 12. Nxf4 Nbd7 13. Nxe6 fxe6 14. Qe2 Rf8 15. Be3 Qc7 16. d4 a6 17. Rac1 Rae8 18. Qd2 c5 19. dxc5 dxc5 20. Bf4 Ne5 21. Rcd1 Nh5 22. Qe2 Nxf4 23. gxf4 Rxf4 24. Rxf4 g5 25. Qh5 Ng6 26. Qxg5 Nxf4 27. Kh1 Kh8 28. Bf3 Rg8 29. Qh4 Ng6 30. Qe1 Qf4 31. Bg4 Be5 32. Qd2 Qxd2 33. Rxd2 Nf4 34. Ne2 h5 35. Nxf4 Bxf4 36. Rf2 hxg4 37. Rxf4 gxh3 38. Rh4+ Kg7 39. Rxh3 Kf6 40. Rh5 b6 41. a4 Rg5 42. Rh3 Rg4 43. a5 bxa5 44. Ra3 Rxe4 45. b3 Re3 46. Rxa5 Rxb3 47. Rxc5 Ke7 48. Ra5 Rb6 49. Kg2 Rc6 50. Kf3 Kf6 51. Ke3 Rxc4 52. Rxa6 Kf5 53. Ra3 Rh4 54. Kf2 Rf4+ 55. Ke2 Rb4 56. Rc3 e5 57. Ra3 Rb2+ 58. Ke1 Kf4 59. Rc3 e4 60. Ra3 Ke5 61. Ra5+ Kd4 62. Ra4+ Ke3 63. Ra3+ Kf4 64. Rc3 Rb4 65. Ra3 e3 66. Ra8 Rb1+ 1/2-1/2

[Event "FRA-ch U20"]
[Site "Belfort"]
[Date "2017.04.17"]
[Round "3"]
[White "Viennot, Dylan"]
[Black "Caloone, Thomas"]
[Result "1/2-1/2"]
[WhiteElo "2263"]
[BlackElo "2149"]
[PlyCount "87"]
[EventDate "2017.04.16"]
[EventType "swiss"]
[EventRounds "9"]
[EventCountry "FRA"]
[SourceTitle "CBM 177 Extra"]
[Source "ChessBase"]
[SourceDate "2017.04.27"]
[SourceVersion "1"]
[SourceVersionDate "2017.04.27"]
[SourceQuality "1"]

1. Nc3 Nf6 2. d4 d5 3. Bf4 e6 4. Qd2 Bd7 5. e3 a6 6. Bd3 c5 7. dxc5 Bxc5 8. Nf3 Bc6 9. Ne5 Bd6 10. 0-0 Qc7 11. Nxc6 Nxc6 12. Bxd6 Qxd6 13. Qe2 0-0 14. Rfd1 Qb4 15. Rab1 Ne5 16. Qd2 Nxd3 17. cxd3 Rac8 18. Ne4 Qxd2 19. Nxf6+ gxf6 20. Rxd2 f5 21. d4 Rc4 22. Kf1 Rfc8 23. Ke2 Kf8 24. h3 h5 25. Kf3 Kg7 26. Rg1 Rc1 27. Rxc1 Rxc1 28. Kf4 Kf6 29. f3 b5 30. b3 a5 31. Rf2 a4 32. bxa4 bxa4 33. g4 fxg4 34. fxg4 hxg4 35. Kxg4+ Kg6 36. h4 Rg1+ 37. Kf4 f6 38. Rb2 Kh5 39. Rb4 Kxh4 40. Kf3 Kg5 41. Rxa4 Kf5 42. Ra5 Rf1+ 43. Ke2 Ra1 44. Kf3 1/2-1/2

[Event "Andorra op 34th"]
[Site "Escaldes"]
[Date "2016.08.11"]
[Round "9"]
[White "Aizpurua Blanco, Juan Antonio"]
[Black "Caloone, Thomas"]
[Result "0-1"]
[WhiteElo "2140"]
[BlackElo "2029"]
[PlyCount "102"]
[EventDate "2016.08.03"]
[EventType "swiss"]
[EventRounds "9"]
[EventCountry "AND"]
[SourceTitle "CBM 173 Extra"]
[Source "ChessBase"]
[SourceDate "2016.08.29"]
[SourceVersion "1"]
[SourceVersionDate "2016.08.29"]
[SourceQuality "1"]

1. Nf3 Nf6 2. b3 g6 3. Bb2 Bg7 4. e3 0-0 5. d4 d6 6. Be2 c5 7. 0-0 Nc6 8. c4 Bd7 9. d5 Nb8 10. Nc3 Na6 11. Qd2 Qa5 12. Rfd1 Nc7 13. e4 a6 14. a4 Qb6 15. Qc2 Qa7 16. h3 Qb8 17. Bd3 b5 18. axb5 axb5 19. Rxa8 Qxa8 20. e5 bxc4 21. bxc4 Nh5 22. exd6 exd6 23. Ne4 Ba4 24. Qd2 Bxb2 25. Rb1 Bg7 26. Nxd6 Rb8 27. Rxb8+ Qxb8 28. Qa5 Bd7 29. Ne4 Nf4 30. Nxc5 Nxd3 31. Nxd7 Qc8 32. d6 Ne8 33. Nb6 Qd8 34. c5 Nf6 35. Qb5 Nf4 36. d7 Ne6 37. c6 Ne4 38. Nd5 Nc3 39. Nxc3 Bxc3 40. Qb7 Ba5 41. Qc8 Bc7 42. Nd2 Kg7 43. Ne4 h6 44. g3 Qe7 45. Nc3 Qg5 46. Ne2 Qd5 47. Qb7 Qd1+ 48. Kg2 Qxe2 49. Qxc7 Qe4+ 50. Kh2 Nxc7 51. d8Q Qxc6 0-1

[Event "Lille Luce op 6th"]
[Site "Lille"]
[Date "2015.05.10"]
[Round "9"]
[White "Farrington, Edward"]
[Black "Caloone, Thomas"]
[Result "1/2-1/2"]
[WhiteElo "2024"]
[BlackElo "2175"]
[PlyCount "50"]
[EventDate "2015.05.04"]
[EventType "swiss"]
[EventRounds "9"]
[EventCountry "FRA"]
[SourceTitle "EXT 2017"]
[Source "ChessBase"]
[SourceDate "2016.10.25"]
[SourceVersion "1"]
[SourceVersionDate "2016.10.25"]
[SourceQuality "1"]

1. c3 g6 2. c4 Bg7 3. d4 d6 4. e3 Nc6 5. Nc3 e5 6. d5 Nb8 7. Bd3 f5 8. Nge2 Nf6 9. f3 0-0 10. 0-0 Na6 11. Rb1 Nb4 12. a3 Nxd3 13. Qxd3 Qe7 14. e4 fxe4 15. fxe4 Ng4 16. Bd2 Bd7 17. h3 Nf6 18. Kh2 h6 19. b4 Nh7 20. a4 Rxf1 21. Rxf1 Rf8 22. Nc1 Rxf1 23. Qxf1 Qh4 24. Qe1 Qxe1 25. Bxe1 Bf6 1/2-1/2

[Event "FRA-ch U18"]
[Site "Pau"]
[Date "2015.04.29"]
[Round "5"]
[White "Viennot, Dylan"]
[Black "Caloone, Thomas"]
[Result "1-0"]
[WhiteElo "2249"]
[BlackElo "2206"]
[PlyCount "22"]
[EventDate "2015.04.26"]
[EventType "swiss"]
[EventRounds "9"]
[EventCountry "FRA"]
[SourceTitle "CBM 166 Extra"]
[Source "ChessBase"]
[SourceDate "2015.06.18"]
[SourceVersion "1"]
[SourceVersionDate "2015.06.18"]
[SourceQuality "1"]

1. e4 g6 2. Nf3 Bg7 3. Bc4 d6 4. Nc3 a6 5. a4 Nd7 6. Bxf7+ Kf8 7. Ba2 e5 8. d3 Nc5 9. Ng5 Nh6 10. b4 Bf6 11. h4 Nd7 1-0

[Event "Avoine op 29th"]
[Site "Avoine"]
[Date "2014.07.23"]
[Round "5"]
[White "Vidal, Llewellyn"]
[Black "Caloone, Thomas"]
[Result "1-0"]
[WhiteElo "2102"]
[BlackElo "1945"]
[PlyCount "91"]
[EventDate "2014.07.19"]
[EventType "swiss"]
[EventRounds "9"]
[EventCountry "FRA"]
[SourceTitle "CBM 161 Extra"]
[Source "ChessBase"]
[SourceDate "2014.08.29"]
[SourceVersion "1"]
[SourceVersionDate "2014.08.29"]
[SourceQuality "1"]

1. Nf3 Nf6 2. c4 e6 3. g3 d5 4. Bg2 Be7 5. 0-0 0-0 6. d4 c6 7. Nc3 Nbd7 8. Qc2 b6 9. Bf4 Bb7 10. Rac1 Re8 11. Rfd1 Nh5 12. Be3 Bd6 13. b3 Rc8 14. Qb2 Qe7 15. Rc2 Red8 16. Bg5 f6 17. Bc1 f5 18. Bg5 Nhf6 19. e3 h6 20. Bxf6 Qxf6 21. b4 g5 22. b5 dxc4 23. Nd2 Qf7 24. Nxc4 Nf6 25. Nxd6 Rxd6 26. bxc6 Bxc6 27. Nb5 Bxb5 28. Rxc8+ Be8 29. Rdc1 Nd5 30. Bxd5 Rxd5 31. R1c7 Rd7 32. Qc2 Kg7 33. Rxd7 Bxd7 34. Rc7 Qe7 35. Rxa7 Kf7 36. Qc7 Ke8 37. Qxb6 g4 38. Qb8+ Kf7 39. Qc7 Ke8 40. Qxd7+ Qxd7 41. Rxd7 Kxd7 42. f4 Kc6 43. Kf2 Kb5 44. Ke2 Kc4 45. Kd2 h5 46. Kc2 1-0

[Event "Avoine op 28th"]
[Site "Avoine"]
[Date "2013.07.24"]
[Round "5"]
[White "Devallee, Jeremie"]
[Black "Caloone, Thomas"]
[Result "1/2-1/2"]
[WhiteElo "2096"]
[BlackElo "1846"]
[PlyCount "125"]
[EventDate "2013.07.20"]
[EventType "swiss"]
[EventRounds "9"]
[EventCountry "FRA"]
[SourceTitle "CBM 155 Extra"]
[Source "ChessBase"]
[SourceDate "2013.08.26"]
[SourceVersion "1"]
[SourceVersionDate "2013.08.26"]
[SourceQuality "1"]

1. e4 e5 2. Nf3 Nc6 3. Bc4 Bc5 4. d3 Nf6 5. c3 d6 6. Bb3 0-0 7. Bg5 Be6 8. Bc2 h6 9. Bh4 Nb8 10. d4 exd4 11. cxd4 Bb4+ 12. Nc3 Re8 13. 0-0 Bg4 14. Nd5 g5 15. Nxb4 gxh4 16. h3 Bh5 17. Re1 Nbd7 18. Qd2 a5 19. Nxh4 axb4 20. Qxh6 Re6 21. Bb3 Qf8 22. Qf4 Ree8 23. Re3 Kh7 24. Nf5 Ra5 25. Rae1 Bg6 26. Qh4+ Kg8 27. Rg3 d5 28. e5 Nh7 29. Re4 dxe4 30. Rxg6+ Kh8 31. Rh6 Qg8 32. Qh5 Rf8 33. e6 Rxf5 34. Qxf5 fxe6 35. Qxe4 Rf6 36. Rh4 c6 37. Bc2 Ndf8 38. Qe5 Qf7 39. Rg4 Nd7 40. Qg3 Ndf8 41. a3 bxa3 42. bxa3 Nd7 43. a4 Ndf8 44. a5 Nd7 45. Bg6 Qg8 46. Kh2 Qb8 47. f4 Qg8 48. Qd3 Qg7 49. Qb1 Ndf8 50. Be4 Qc7 51. Qe1 Rf7 52. Qg3 Rg7 53. f5 Qxg3+ 54. Kxg3 Rd7 55. Rh4 Kg8 56. fxe6 Nxe6 57. Bf5 Nhf8 58. Rh6 Rd6 59. Kf2 Kg7 60. Rh4 Rxd4 61. Rxd4 Nxd4 62. Bc8 Nb3 63. a6 1/2-1/2

[Event "Lille Luce op 4th"]
[Site "Lille"]
[Date "2013.04.15"]
[Round "3"]
[White "Caloone, Thomas"]
[Black "Janev, Evgeni"]
[Result "0-1"]
[WhiteElo "1788"]
[BlackElo "2442"]
[PlyCount "66"]
[EventDate "2013.04.13"]
[EventType "swiss"]
[EventRounds "9"]
[EventCountry "FRA"]
[SourceTitle "CBM 154 Extra"]
[Source "ChessBase"]
[SourceDate "2013.06.25"]
[SourceVersion "2"]
[SourceVersionDate "2013.06.25"]
[SourceQuality "1"]

1. e4 Nf6 2. Nc3 e5 3. Nf3 d6 4. d4 Nbd7 5. Bc4 Be7 6. 0-0 0-0 7. Re1 c6 8. a4 exd4 9. Nxd4 Ne5 10. Be2 Re8 11. f4 Ng6 12. h3 Bf8 13. Bf1 Bd7 14. g4 c5 15. Nf5 Bc6 16. Bg2 Qd7 17. Ng3 h6 18. b3 Nh4 19. Bh1 d5 20. e5 d4 21. Nce4 Nd5 22. Re2 Rad8 23. Qe1 Nc3 24. Nxc3 Bxh1 25. Kxh1 dxc3 26. Ne4 Nf3 27. Qf1 Nd4 28. Rf2 f5 29. gxf5 Qxf5 30. Qg2 Be7 31. Ra2 Bh4 32. Rf1 Re6 33. Rg1 Rg6 0-1

[Event "La Fere op 11th"]
[Site "La Fere"]
[Date "2012.07.14"]
[Round "9"]
[White "Wolfangel, Claude"]
[Black "Caloone, Thomas"]
[Result "1/2-1/2"]
[WhiteElo "1784"]
[BlackElo "1660"]
[PlyCount "57"]
[EventDate "2012.07.07"]
[EventType "swiss"]
[EventRounds "9"]
[EventCountry "FRA"]
[SourceTitle "CBM 149 Extra"]
[Source "ChessBase"]
[SourceDate "2012.08.24"]
[SourceVersion "1"]
[SourceVersionDate "2012.08.24"]
[SourceQuality "1"]

1. d4 d5 2. Nf3 e6 3. c4 c5 4. cxd5 exd5 5. Nc3 Nf6 6. Bg5 Be6 7. e4 h6 8. Bxf6 Qxf6 9. Bb5+ Nd7 10. Bxd7+ Bxd7 11. Nxd5 Qd6 12. 0-0 Rc8 13. Ne5 Be7 14. Nxd7 Qxd7 15. Nxe7 Qxe7 16. Qa4+ Qd7 17. Qxd7+ Kxd7 18. dxc5 Rxc5 19. Rac1 Rhc8 20. Rxc5 Rxc5 21. Rd1+ Ke7 22. b3 Rc2 23. Rb1 b5 24. a3 Ke6 25. f4 Rc4 26. Re1 Rc2 27. Rb1 Rc4 28. Re1 Rc2 29. Rb1 1/2-1/2

[Event "La Fere op 11th"]
[Site "La Fere"]
[Date "2012.07.08"]
[Round "2"]
[White "Caloone, Thomas"]
[Black "Chachiachvili, Loma"]
[Result "1-0"]
[WhiteElo "1660"]
[BlackElo "1397"]
[PlyCount "31"]
[EventDate "2012.07.07"]
[EventType "swiss"]
[EventRounds "9"]
[EventCountry "FRA"]
[SourceTitle "CBM 149 Extra"]
[Source "ChessBase"]
[SourceDate "2012.08.24"]
[SourceVersion "1"]
[SourceVersionDate "2012.08.24"]
[SourceQuality "1"]

1. e4 e5 2. Nf3 Nc6 3. Bc4 Bc5 4. 0-0 Nf6 5. d3 0-0 6. Bg5 h6 7. Bh4 Be7 8. Nc3 d6 9. h3 Nh7 10. Bxe7 Qxe7 11. Nd5 Qd7 12. Nh4 b6 13. Nf5 Bb7 14. Qg4 g6 15. Nxh6+ Kh8 16. Qxd7 1-0

[Event "La Fere op 10th"]
[Site "La Fere"]
[Date "2011.07.06"]
[Round "6.14"]
[White "Caloone, Thomas"]
[Black "Feryn, Alexandre"]
[Result "0-1"]
[WhiteElo "1640"]
[BlackElo "2063"]
[PlyCount "74"]
[EventDate "2011.07.02"]
[EventType "swiss"]
[EventRounds "9"]
[EventCountry "FRA"]
[SourceTitle "EXT 2012"]
[Source "ChessBase"]
[SourceDate "2011.11.24"]
[SourceVersion "1"]
[SourceVersionDate "2011.11.24"]
[SourceQuality "1"]

1. e4 c5 2. Nf3 a6 3. a4 e6 4. Nc3 d6 5. d3 Nf6 6. g3 Be7 7. Bg2 0-0 8. 0-0 Nbd7 9. b3 Qc7 10. Bb2 Rb8 11. a5 Ne8 12. Ne2 Bf6 13. Bxf6 Nexf6 14. Qd2 Re8 15. c3 b5 16. b4 Bb7 17. Rfc1 c4 18. dxc4 Nxe4 19. Qe3 Qxc4 20. Nd2 Nxd2 21. Qxd2 Bxg2 22. Kxg2 Ne5 23. Nd4 Qd5+ 24. Kg1 Nc4 25. Qe2 e5 26. Qf3 e4 27. Qg2 Rbc8 28. Ne2 Qe5 29. Ra2 Rc7 30. Nd4 f5 31. Re2 d5 32. f4 Qf6 33. Nb3 g5 34. fxg5 Qxg5 35. Rf2 Ne5 36. Rcc2 Nf3+ 37. Kh1 Ne1 0-1

[Event "La Fere op 10th"]
[Site "La Fere"]
[Date "2011.07.02"]
[Round "1.26"]
[White "Van Wiele, Kurt"]
[Black "Caloone, Thomas"]
[Result "1-0"]
[WhiteElo "1806"]
[BlackElo "1640"]
[PlyCount "35"]
[EventDate "2011.07.02"]
[EventType "swiss"]
[EventRounds "9"]
[EventCountry "FRA"]
[SourceTitle "EXT 2012"]
[Source "ChessBase"]
[SourceDate "2011.11.24"]
[SourceVersion "1"]
[SourceVersionDate "2011.11.24"]
[SourceQuality "1"]

1. e4 e6 2. d4 d5 3. e5 c5 4. c3 Nc6 5. Nf3 Qb6 6. Bd3 cxd4 7. cxd4 Bd7 8. 0-0 Nxd4 9. Ng5 h6 10. Nxf7 Kxf7 11. Qh5+ Ke7 12. Qh4+ Nf6 13. Be3 Nf3+ 14. gxf3 Qxb2 15. Bd4 g5 16. exf6+ Kd8 17. Bxb2 gxh4 18. f7 1-0

[Event "La Fere op"]
[Site "La Fere"]
[Date "2010.07.09"]
[Round "8"]
[White "Lepere, Rodrigue"]
[Black "Caloone, Thomas"]
[Result "0-1"]
[WhiteElo "1250"]
[BlackElo "1599"]
[PlyCount "62"]
[EventDate "2010.07.03"]
[EventType "swiss"]
[EventRounds "9"]
[EventCountry "FRA"]
[SourceTitle "CBM 137 Extra"]
[Source "ChessBase"]
[SourceDate "2010.09.01"]
[SourceVersion "1"]
[SourceVersionDate "2010.09.01"]
[SourceQuality "1"]

1. f4 d5 2. Nf3 Nc6 3. e3 Nf6 4. Be2 d4 5. d3 dxe3 6. Bxe3 Nd5 7. Bd2 Qd6 8. Qc1 e5 9. c4 Nxf4 10. Bxf4 exf4 11. 0-0 Qf6 12. Nc3 Bc5+ 13. Kh1 Be3 14. Nd2 Ne7 15. b4 Bf5 16. Qc2 Qg5 17. Nde4 Qg6 18. Bf3 0-0 19. Rae1 c6 20. Nd1 Bxe4 21. Bxe4 f5 22. Nxe3 fxe4 23. Nd1 exd3 24. Qd2 Qd6 25. Nb2 Ng6 26. Nxd3 Rad8 27. g3 Qxd3 28. Qxd3 Rxd3 29. Kg2 f3+ 30. Kh3 f2 31. Re2 Nf4+ 0-1

[Event "La Fere op"]
[Site "La Fere"]
[Date "2010.07.08"]
[Round "7"]
[White "Caloone, Thomas"]
[Black "Azzouz, Belkhelfa"]
[Result "0-1"]
[WhiteElo "1599"]
[BlackElo "1841"]
[PlyCount "54"]
[EventDate "2010.07.03"]
[EventType "swiss"]
[EventRounds "9"]
[EventCountry "FRA"]
[SourceTitle "CBM 137 Extra"]
[Source "ChessBase"]
[SourceDate "2010.09.01"]
[SourceVersion "1"]
[SourceVersionDate "2010.09.01"]
[SourceQuality "1"]

1. e4 e5 2. Nf3 Nc6 3. Bc4 Bc5 4. 0-0 d6 5. d3 Nf6 6. h3 Na5 7. Bb3 Nxb3 8. axb3 0-0 9. Bg5 h6 10. Bh4 a6 11. Nc3 c6 12. Ne2 g5 13. Bg3 Be6 14. d4 exd4 15. Nexd4 Nxe4 16. Nxe6 fxe6 17. Bh2 Qf6 18. c3 Rad8 19. Ra4 Qf5 20. Qe2 d5 21. Nd4 Qg6 22. Qg4 Rde8 23. h4 h5 24. Qh3 e5 25. Qe3 g4 26. Nc2 g3 27. Bxg3 Qxg3 0-1

[Event "La Fere op"]
[Site "La Fere"]
[Date "2010.07.05"]
[Round "4"]
[White "Biyidi, Thomas"]
[Black "Caloone, Thomas"]
[Result "0-1"]
[WhiteElo "1809"]
[BlackElo "1599"]
[PlyCount "110"]
[EventDate "2010.07.03"]
[EventType "swiss"]
[EventRounds "9"]
[EventCountry "FRA"]
[SourceTitle "CBM 137 Extra"]
[Source "ChessBase"]
[SourceDate "2010.09.01"]
[SourceVersion "1"]
[SourceVersionDate "2010.09.01"]
[SourceQuality "1"]

1. c4 e5 2. Nc3 Nf6 3. g3 Nc6 4. Bg2 Bc5 5. e3 0-0 6. Nge2 d6 7. 0-0 Be6 8. a3 Bxc4 9. b4 Bb6 10. d3 Be6 11. Bb2 Qd7 12. Bh1 Bg4 13. Qd2 d5 14. Na4 Qf5 15. f3 Bh3 16. Rfc1 Qg5 17. Nxb6 axb6 18. g4 d4 19. Ng3 h5 20. f4 dxe3 21. fxg5 exd2 22. Rxc6 bxc6 23. gxf6 Bxg4 24. fxg7 Rfd8 25. Ne4 d1Q+ 26. Rxd1 Bxd1 27. Nf6+ Kxg7 28. Bxe5 Kf8 29. Bxc7 Rxd3 30. Bxb6 Bf3 31. Bc5+ Kg7 32. Bxf3 Rxf3 33. Nxh5+ Kg6 34. Ng3 Raxa3 35. Kg2 Rfc3 36. Ne4 Rcb3 37. Be7 Rb2+ 38. Nf2 Rab3 39. h4 Rxb4 40. Bxb4 Rxb4 41. Nd3 Rb5 42. Nf4+ Kf5 43. Nd3 Kg4 44. h5 Kxh5 45. Nf4+ Kg4 46. Nd3 f5 47. Nf2+ Kg5 48. Nh3+ Kh4 49. Nf4 Kg4 50. Nd3 f4 51. Kf2 f3 52. Kg1 Kg3 53. Kf1 Rb1+ 54. Ne1 Rxe1+ 55. Kxe1 Kg2 0-1

[Event "La Fere op"]
[Site "La Fere"]
[Date "2010.07.04"]
[Round "2"]
[White "Huyet, Yannick"]
[Black "Caloone, Thomas"]
[Result "1/2-1/2"]
[WhiteElo "1700"]
[BlackElo "1599"]
[PlyCount "80"]
[EventDate "2010.07.03"]
[EventType "swiss"]
[EventRounds "9"]
[EventCountry "FRA"]
[SourceTitle "CBM 137 Extra"]
[Source "ChessBase"]
[SourceDate "2010.09.01"]
[SourceVersion "1"]
[SourceVersionDate "2010.09.01"]
[SourceQuality "1"]

1. e4 e6 2. d4 d5 3. Nc3 dxe4 4. Nxe4 Nd7 5. Nf3 Ngf6 6. Nxf6+ Nxf6 7. Be2 h6 8. 0-0 c5 9. dxc5 Qxd1 10. Rxd1 Bxc5 11. Bf4 0-0 12. c3 Bd7 13. Ne5 Rfd8 14. Nxd7 Rxd7 15. Rxd7 Nxd7 16. Bf3 e5 17. Rd1 exf4 18. Rxd7 Re8 19. Kf1 b5 20. Rd5 Rc8 21. Rf5 g5 22. Bd5 Rc7 23. Bxf7+ Rxf7 24. Rxc5 Rb7 25. Ke2 b4 26. cxb4 Rxb4 27. b3 Rb7 28. Kd3 Kg7 29. Kd4 a6 30. f3 Rd7+ 31. Rd5 Re7 32. Re5 Rd7+ 33. Rd5 Re7 34. Rd6 Re2 35. Rxa6 Rxg2 36. a4 g4 37. Ke4 gxf3 38. Kxf3 Rxh2 39. Kxf4 Rh4+ 40. Kg3 Rb4 1/2-1/2